000 00695nam a2200289Ia 4500
005 20260324131528.0
008 008 260324s9999 xx 000 0 eng d
020 _a9780203700068
037 _aEBOOK
040 _aCRL
040 _beng
040 _cCRL
041 _2eng
041 _aeng
084 _qCRL
100 _aWilliam Bruce Johnson
_91185842
245 4 _aThe Pacific Campaign in World War II
245 0 _bFrom Pearl Harbor to Guadalcanal
260 _bTaylor and Francis
260 _c2006
365 _a
365 _b300
856 _uhttp://www.taylorfrancis.com/books/9780203700068
942 _cEBOOK
999 _c1783097
_d1783097